| 000 | 00484cam a2200205u 4500 | ||
|---|---|---|---|
| 001 | 6525874 | ||
| 005 | 20180220035748.0 | ||
| 008 | 830701s1956 paua 000 0 eng | ||
| 010 | _a 56005085 | ||
| 040 |
_aDLC _cCarP _dDLC |
||
| 041 | _aeng | ||
| 080 | _a611 | ||
| 082 | _2611 GUY | ||
| 100 | 1 | _a6 | |
| 101 | _aANA | ||
| 245 | 0 | 0 | _aTextbook of medical physiology. |
| 740 | _aMedical physiology. | ||
| 906 |
_a0 _bcbc _cpremunv _du _encip _f19 _gy-gencatlg |
||
| 942 |
_2ddc _cBK |
||
| 999 |
_c42880 _d42880 |
||